000 00503nam a2200181Ia 4500
005 20250508162822.0
008 008 250505s9999 xx 000 0 eng d
037 _aTextual
040 _aFEDL
_beng
_cFEDL
041 _aeng
_2eng
084 _a891.433, BAR
_qFEDL
100 _aBarhate Jaishri
_9774111
245 0 _aHindi upnyas: Satavan dashak
260 _aKanpur, India
_bSanchyan Prakashan
_c1988
300 _a252p
942 _cTEXL
_h891.433, BAR
999 _c1378869
_d1378869